| 000 | nam a22 a 4500 | ||
|---|---|---|---|
| 999 |
_c390085 _d390085 |
||
| 003 | BLK | ||
| 005 | 20201015123744.0 | ||
| 008 | 201015b bul|||||r ||||||| ||bul|| | ||
| 040 | _aBLK | ||
| 041 |
_aBUL _cBUL |
||
| 080 |
_aИстория на балканските държави _b94(497) _z94(497) |
||
| 100 |
_aВайганд, Густав _eпърви автор _9373460 |
||
| 139 | _aВайганд, Густав | ||
| 245 | 1 | 0 |
_aНационалните стремления на народите в Балканския полуостров _cГустав Вайганд; прев. Ср. Данов. |
| 257 | _aFRA | ||
| 260 |
_aШумен _c1898 _fШумен : печ. Вл. Р. Блъсков, 1898 |
||
| 300 |
_a38 с. _c25 см |
||
| 380 | _a9 | ||
| 490 |
_9435080 _aКолекция Редки и ценни издания |
||
| 500 | _a(Цена в кумул.) : 0.25 лв. | ||
| 650 | 0 |
_9259470 _aБалкански полуостров - история |
|
| 700 |
_aДанов, Ср. _eпрев. _9966 |
||
| 852 |
_aРб 898 _bРц |
||
| 856 | 4 |
_qpdf _u |
|
| 856 | 4 |
_qpdf _u |
|
| 942 |
_cKNG _n0 _s1 |
||
| 944 |
_c2020-10-15 _kВК |
||